LIBRARY & INFORMATION CENTRE, KCAET, TAVANUR

ONLINE PUBLIC ACCESS CATALOGUE (OPAC)

Factory electrification / (Record no. 7096)

MARC details
000 -LEADER
fixed length control field 00376cam a2200157ua 4500
003 - CONTROL NUMBER IDENTIFIER
control field OSt
008 - FIXED-LENGTH DATA ELEMENTS--GENERAL INFORMATION
fixed length control field 241224b |||||||| |||| 00| 0 eng d
041 ## - LANGUAGE CODE
Language code of text/sound track or separate title eng
082 ## - DEWEY DECIMAL CLASSIFICATION NUMBER
Classification number 621.319
Item number BAR/FA
100 ## - MAIN ENTRY--AUTHOR NAME
Personal name Bartho, F T.
245 ## - TITLE STATEMENT
Title Factory electrification /
260 ## - PUBLICATION, DISTRIBUTION, ETC. (IMPRINT)
Place of publication London :
Name of publisher McDonald ,
Year of publication 1961.
300 ## - PHYSICAL DESCRIPTION
Number of Pages 398 ; .
700 1# - ADDED ENTRY--PERSONAL NAME
Personal name Pike, C H .
942 ## - ADDED ENTRY ELEMENTS (KOHA)
Koha item type Books
Holdings
Withdrawn status Lost status Damaged status Home library Current library Date acquired Full call number Accession Number Koha item type
      KAUAET KAUAET 07/04/2012 621.319 BAR/FA 3861 Books
free website counter